Eastern Utah Libraries Catalog: Duchesne, Heber, Roosevelt, & Vernal

Rock painting for beginners / (Record no. 403365)

MARC details
000 -LEADER
fixed length control field 01765nam a2200337 i 4500
001 - CONTROL NUMBER
control field zcodcb b8492676
005 - DATE AND TIME OF LATEST TRANSACTION
control field 20250107121733.0
007 - PHYSICAL DESCRIPTION FIXED FIELD--GENERAL INFORMATION
fixed length control field t|
008 - FIXED-LENGTH DATA ELEMENTS--GENERAL INFORMATION
fixed length control field 240528s2024 vtua e 000 0 eng d
020 ## - INTERNATIONAL STANDARD BOOK NUMBER
International Standard Book Number 9780804857550
Qualifying information trade
020 ## - INTERNATIONAL STANDARD BOOK NUMBER
International Standard Book Number 0804857555
040 ## - CATALOGING SOURCE
Original cataloging agency ICrlF
Language of cataloging eng
Description conventions rda
Transcribing agency ICrlF
Modifying agency ICrlF
041 1# - LANGUAGE CODE
Language code of text/sound track or separate title eng
Language code of original and/or intermediate translations of text ger
092 ## - LOCALLY ASSIGNED DEWEY CALL NUMBER (OCLC)
Classification number general nonfiction
Item number 745.7 Rechl, Christine
100 1# - MAIN ENTRY--PERSONAL NAME
Personal name Rechl, Christine,
Dates associated with a name 1963-
Relator term author,
-- illustrator.
Relator code aut.
9 (RLIN) 6536822
240 10 - UNIFORM TITLE
Uniform title <a href="Lieblingssteine.">Lieblingssteine.</a>
Language of a work English.
245 10 - TITLE STATEMENT
Title Rock painting for beginners /
Statement of responsibility, etc Christine Rechl.
264 #1 - Production, Publication, Distribution, Manufacture, and Copyright Notice.
Place of production, publication, distribution, manufacture Rutland, Vermont :
Name of producer, publisher, distributor, manufacturer Tuttle Publishing,
Date of production, publication, distribution, manufacture, or copyr [2024]
300 ## - PHYSICAL DESCRIPTION
Extent 93 pages :
Other physical details illustrations (chiefly color) ;
Dimensions 27 cm.
336 ## - Content Type
Content type term text
337 ## - Media type
Media type term unmediated
338 ## - Carrier type
Carrier type term volume
500 ## - GENERAL NOTE
General note First published as "Lieblingssteine. Steine bemalen zum Freuen, Behalten und Verschenken. 50 inspirierende Motive zum Nachmalen und Selbstgestalten". Munich, Germany: mvg Verlag, 2020.
500 ## - GENERAL NOTE
General note "A complete guide to techniques and supplies with 50 original designs to inspire you"--Front cover.
520 ## - SUMMARY, ETC.
Summary, etc "Turn rocks and stones into tiny treasures--to display at home or to give to your friends! Using pens, markers, paints, brushes, and the simple lessons in this book, you'll be able to turn stones into gorgeous works of art that everyone will love. . . . provides all the information you'll need to get started, including a few simple tips and techniques and over 50 inspiring designs in 225 color photographs"--Amazon.
546 ## - LANGUAGE NOTE
Language note Translated from the German.
650 #0 - SUBJECT ADDED ENTRY--TOPICAL TERM
Topical term or geographic name as entry element Stone painting.
9 (RLIN) 92176
650 #0 - SUBJECT ADDED ENTRY--TOPICAL TERM
Topical term or geographic name as entry element Stone painting
General subdivision Technique.
9 (RLIN) 6536823
650 #0 - SUBJECT ADDED ENTRY--TOPICAL TERM
Topical term or geographic name as entry element Rocks in art.
9 (RLIN) 5768084
942 ## - ADDED ENTRY ELEMENTS (KOHA)
Source of classification or shelving scheme Dewey Decimal Classification
Koha item type BOOK
Holdings
Withdrawn status Lost status Source of classification or shelving scheme Damaged status Not for loan Collection code Home library Current library Shelving location Date acquired Source of acquisition Total Checkouts Total Renewals Full call number Barcode Checked out Date last seen Date checked out Cost, replacement price Price effective from Koha item type
    Dewey Decimal Classification     General NonFiction Wasatch County Library Wasatch County Library Second Floor 01/07/2025 Micromarketing 9 8 745.7 Rechl 34301002088955 05/01/2026 03/05/2026 03/05/2026 18.99 01/07/2025 BOOK
This project was made possible through a grant from the Institute of Museum and Library Service administered by the Utah State Library Division.

Wasatch County Library

  • 465 East 1200 South, Heber City, Utah 84032
  • Phone 435-654-1511 | Fax 435-654-6456

Hours

  • Monday - Friday 9:30 AM - 8:00 PM
  • Saturday 9:30 AM - 1:30 PM
  • Closed Sundays and Holidays